Vrai - Faux Savoir-vivre au XIXe siècle (1) - Statistiques

Statistiques générales
  • Ce quiz a été pris 38 fois
  • Le résultat moyen est 14 sur 50
Statistiques - réponses
Question Réponse % Correct
Lors de la première visite d'un jeune prétendant dans une famille, il est reçu par le père de la jeune fille VRAI
100%
Pour faire savoir que les parents d'une jeune fille approuvent un jeune homme, ils l'invitent à revenir et lui communiquent le montant de la dot de celle-ci VRAI
75%
Un jeune homme veut savoir si la famille d'une jeune fille qui lui plait approuverait ce mariage... Il confie cette démarche à son père FAUX
50%
La première rencontre avec une jeune fille qu'on désire épouser a lieu en la seule présence de sa mère FAUX
50%
On annonce un mariage six mois avant FAUX
50%
Le marié paye les voitures qui vont aller chercher les témoins et les membres des familles pour les conduire à l'église FAUX
50%
C'est le marié qui rentre en premier dans l'église FAUX
50%
Légalement, une veuve doit attendre un an avant de se remarier FAUX
50%
Lors du repas de mariage, la mariée est servie la dernière FAUX
50%
Le parrain et la marraine doivent faire un cadeau aux parents de l'enfant FAUX
50%
Pour se marier, il faut fournir en mairie les actes de naissance des mariés et de décès des parents décédés VRAI
50%
la corbeille peut contenir des bijoux, des dentelles, des gants, des éventails, et toujours une somme en or VRAI
50%
Pour se marier à l'église, il faut justifier qu'on a été se confesser, qu'on est baptisé ou qu'on a fait sa communion VRAI
50%
Devant le choeur, le marié se place à droite, la mariée à gauche VRAI
50%
On ne doit pas assister à une messe de mariage en noir VRAI
50%
L'usage veut qu'on donne trois prénoms aux enfants mais ce n'est pas un obligation VRAI
50%
Dans la boite de dragées qu'on remet au prêtre qui a baptisé l'enfant on glisse une pièce d'or ou d'argent VRAI
50%
La publication des bans en mairie a lieu les lundis FAUX
25%
Le futur mari offre à sa femme la corbeille de mariage, la veille du contrat FAUX
25%
Un veuf ou une veuve marié précédemment à l'église doit prouver qu'il a fait sa communion FAUX
25%
En sortant de l'église, les mariés montent dans la première voiture avec leurs témoins FAUX
25%
Passé 25 ans pour la mariée, on ne convie que les familles proches et les témoins au mariage FAUX
25%
On demande à la marraine si elle accepterait ce rôle auprès de l'enfant à venir juste après la naissance FAUX
25%
Les parents choisissent le parrain et la marraine FAUX
25%
Quand un mariage est officiellement annoncé, quelques semaines au plus avant sa célébration, la jeune fille ne peut plus sortir dans le monde ni au théâtre VRAI
25%
Un militaire de métier ne peut se marier qu'avec l'autorisation du ministre de la Guerre VRAI
25%
Dans sa voiture, la mariée est accompagnée de ses parents ou de ceux qui les remplacent VRAI
25%
Seule la mariée reçoit une alliance à l'église VRAI
25%
Si un ou une catholique veut épouser un ou une protestante, il faut se rendre à la mairie puis à l'église puis au temple VRAI
25%
Si un veuf ou une veuve se remarie, on annonce le mariage après la célébration VRAI
25%
Une femme qui se marie sur le tard porte un chapeau blanc et une robe de couleur, le plus souvent bleue VRAI
25%
Le jour de son mariage, la mariée invite à danser VRAI
25%
Lors de la naissance d'un enfant, on doit le déclarer en mairie et présenter le bébé à l'officier d'état civil VRAI
25%
Le parrain doit faire un cadeau à la marraine. VRAI
25%
On ne doit pas choisir comme parrain et marraine d'un enfant deux célibataires VRAI
25%
Si une famille agrée un jeune homme, après une nouvelle démarche de son père celui-ci devient officiellement le fiancé FAUX
0%
Avant chaque visite à la jeune fille qu'il entend épouser, le jeune homme doit s'annoncer par un courrier FAUX
0%
Lors d'un mariage, les frais d'actes, les frais de notaire sont payés par la famille de la jeune fille FAUX
0%
Entre la maison de ses parents et la mairie, la future mariée monte dans la dernière voiture FAUX
0%
Au moment de la bénédiction nuptiale, on tient un linge blanc au-dessus de la tête des mariés qui s'appelle la nappe FAUX
0%
Lors du bal la mariée danse la première danse avec son père FAUX
0%
Le marié se retire le premier en toute discrétion FAUX
0%
En province la marraine offre une timbale à son ou sa filleul(e) FAUX
0%
Lors du baptême marche en tête pour entrer dans l'église la femme qui porte l'enfant puis le père puis les parrain et marraine FAUX
0%
Un officier ne peut pas épouser une jeune femme peu fortunée VRAI
0%
Le soir d'une signature de contrat, la deuxième danse de la jeune femme est réservée au notaire VRAI
0%
Si le mariage à l'église n'a pas lieu immédiatement après celui à la mairie, la mariée ne doit pas être en blanc VRAI
0%
Pour un premier enfant, s'ils sont vivants c'est la mère de la mariée qui est marraine et le père du marié parrain VRAI
0%
Le mari de la marraine doit faire un cadeau au parrain VRAI
0%
Le parrain doit faire envoyer un grand nombre de boites de dragées à la marraine qui les distribuera VRAI
0%
Aucun quiz correspondant
Distribution des résultats
% des personnes avec chaque résultat
Percentile par nombre de réponses
Votre historique - résultats
Vous n’avez pas pris ce quiz